[Event "DVM U20 2023"]
[Site "Magdeburg GER"]
[Date "2023.12.29"]
[Round "6"]
[White "Woelk, Tom-Frederic"]
[Black "Sohr, Jim"]
[Result "1-0"]
[Termination "normal"]
[Board "2.1"]
[WhiteTitle "FM"]
[WhiteElo "2377"]
[BlackElo "1979"]
[WhiteClock "00:56:24"]
[BlackClock "00:10:28"]
[WhiteTeam "Hamburger SK 1830"]
[BlackTeam "SV Königsjäger Süd-West"]
[PlyCount "61"]
[WhiteFideId "12993077"]
[BlackFideId "16245105"]
[EventCountry "GER"]
[EventRounds "7"]
[EventType "team-swiss"]
[EventDate "2023.12.26"]

1. d4 {[%clk 01:29:32]} {[%emt 00:01:28]} d5 {[%clk 01:30:49]} {[%emt
00:00:11]} 2. c4 {[%clk 01:29:58]} {[%emt 00:00:04]} c6 {[%clk 01:31:15]}
{[%emt 00:00:04]} 3. Nf3 {[%clk 01:30:24]} {[%emt 00:00:04]} Nf6 {[%clk
01:31:40]} {[%emt 00:00:05]} 4. Nc3 {[%clk 01:30:50]} {[%emt 00:00:05]} dxc4
{[%clk 01:32:04]} {[%emt 00:00:07]} 5. a4 {[%clk 01:31:18]} {[%emt 00:00:03]}
Bf5 {[%clk 01:32:18]} {[%emt 00:00:14]} 6. Ne5 {[%clk 01:31:43]} {[%emt
00:00:06]} Nbd7 {[%clk 01:32:31]} {[%emt 00:00:16]} 7. Nxc4 {[%clk 01:32:08]}
{[%emt 00:00:06]} Qc7 {[%clk 01:30:11]} {[%emt 00:02:50]} 8. g3 {[%clk
01:31:56]} {[%emt 00:00:42]} e5 {[%clk 01:30:16]} {[%emt 00:00:25]} 9. dxe5
{[%clk 01:32:20]} {[%emt 00:00:06]} Nxe5 {[%clk 01:30:41]} {[%emt 00:00:05]}
10. Bf4 {[%clk 01:32:43]} {[%emt 00:00:05]} Nfd7 {[%clk 01:31:02]} {[%emt
00:00:10]} 11. Bg2 {[%clk 01:33:04]} {[%emt 00:00:08]} g5 {[%clk 01:30:45]}
{[%emt 00:00:47]} 12. Ne3 {[%clk 01:33:29]} {[%emt 00:00:06]} gxf4 {[%clk
01:29:24]} {[%emt 00:01:52]} 13. Nxf5 {[%clk 01:33:50]} {[%emt 00:00:08]} O-O-O
{[%clk 01:28:33]} {[%emt 00:01:21]} 14. Qc2 {[%clk 01:32:24]} {[%emt 00:01:55]}
Nc4 {[%clk 01:22:30]} {[%emt 00:06:33]} 15. O-O {[%clk 01:30:46]} {[%emt
00:02:07]} fxg3 {[%clk 01:22:51]} {[%emt 00:00:10]} 16. hxg3 {[%clk 01:31:09]}
{[%emt 00:00:06]} Nc5 {[%clk 01:11:41]} {[%emt 00:11:40]} 17. Rfd1 {[%clk
01:24:58]} {[%emt 00:06:41]} Rxd1+ {[%clk 01:04:11]} {[%emt 00:08:02]} 18. Rxd1
{[%clk 01:23:55]} {[%emt 00:01:31]} a5 {[%clk 00:54:45]} {[%emt 00:09:56]} 19.
Ne4 {[%clk 01:17:55]} {[%emt 00:06:30]} Nxe4 {[%clk 00:53:42]} {[%emt
00:01:33]} 20. Qxe4 {[%clk 01:18:00]} {[%emt 00:00:25]} Ne5 {[%clk 00:45:02]}
{[%emt 00:09:10]} 21. Bh3 {[%clk 01:12:58]} {[%emt 00:05:31]} Kb8 {[%clk
00:37:34]} {[%emt 00:07:59]} 22. Rd8+ {[%clk 01:12:15]} {[%emt 00:01:10]} Ka7
{[%clk 00:37:58]} {[%emt 00:00:09]} 23. Re8 {[%clk 01:10:58]} {[%emt 00:01:46]}
Ng6 {[%clk 00:31:51]} {[%emt 00:06:37]} 24. Qd4+ {[%clk 01:07:33]} {[%emt
00:03:56]} c5 {[%clk 00:31:03]} {[%emt 00:01:18]} 25. Qd5 {[%clk 01:05:17]}
{[%emt 00:02:47]} h5 {[%clk 00:21:16]} {[%emt 00:10:16]} 26. Rd8 {[%clk
01:01:51]} {[%emt 00:03:55]} Be7 {[%clk 00:15:46]} {[%emt 00:06:01]} 27. Rd7
{[%clk 00:57:21]} {[%emt 00:05:00]} Rd8 {[%clk 00:15:44]} {[%emt 00:00:32]} 28.
Rxd8 {[%clk 00:56:56]} {[%emt 00:00:56]} Bxd8 {[%clk 00:15:19]} {[%emt
00:00:54]} 29. Nd6 {[%clk 00:57:20]} {[%emt 00:00:05]} Kb8 {[%clk 00:10:45]}
{[%emt 00:05:04]} 30. Nxf7 {[%clk 00:57:21]} {[%emt 00:00:29]} Be7 {[%clk
00:10:28]} {[%emt 00:00:48]} 31. Qxh5 {[%clk 00:56:24]} {[%emt 00:01:27]} 1-0

[Event "DVM U20 2023"]
[Site "Magdeburg GER"]
[Date "2023.12.29"]
[Round "6"]
[White "Weihrauch, Jakob"]
[Black "Sandlers, Philipp"]
[Result "1/2-1/2"]
[Termination "normal"]
[Board "2.3"]
[WhiteTitle "FM"]
[WhiteElo "2257"]
[BlackElo "1795"]
[WhiteClock "00:00:34"]
[BlackClock "00:04:10"]
[WhiteTeam "Hamburger SK 1830"]
[BlackTeam "SV Königsjäger Süd-West"]
[PlyCount "79"]
[WhiteFideId "16210115"]
[BlackFideId "34606335"]
[EventCountry "GER"]
[EventRounds "7"]
[EventType "team-swiss"]
[EventDate "2023.12.26"]

1. e4 {[%clk 01:30:59]} c5 {[%clk 01:30:54]} {[%emt 00:00:06]} 2. Nf3 {[%clk
01:31:04]} {[%emt 00:00:26]} e6 {[%clk 01:31:13]} {[%emt 00:00:09]} 3. b3
{[%clk 01:31:10]} {[%emt 00:00:25]} d6 {[%clk 01:29:49]} {[%emt 00:01:54]} 4.
d4 {[%clk 01:29:42]} {[%emt 00:01:58]} cxd4 {[%clk 01:29:43]} {[%emt 00:00:35]}
5. Nxd4 {[%clk 01:30:08]} {[%emt 00:00:05]} a6 {[%clk 01:29:33]} {[%emt
00:00:40]} 6. Bb2 {[%clk 01:28:04]} {[%emt 00:02:34]} Nf6 {[%clk 01:28:57]}
{[%emt 00:01:06]} 7. Nd2 {[%clk 01:27:00]} {[%emt 00:01:34]} Be7 {[%clk
01:28:07]} {[%emt 00:01:20]} 8. Bd3 {[%clk 01:26:07]} {[%emt 00:01:24]} Nbd7
{[%clk 01:26:15]} {[%emt 00:02:20]} 9. Qe2 {[%clk 01:22:00]} {[%emt 00:04:38]}
Nc5 {[%clk 01:24:11]} {[%emt 00:02:33]} 10. f4 {[%clk 01:21:35]} {[%emt
00:00:57]} Nxd3+ {[%clk 01:22:10]} {[%emt 00:02:30]} 11. cxd3 {[%clk 01:18:03]}
{[%emt 00:04:03]} h5 {[%clk 01:16:12]} {[%emt 00:06:27]} 12. O-O {[%clk
01:05:42]} {[%emt 00:12:51]} h4 {[%clk 01:12:11]} {[%emt 00:04:32]} 13. Rf3
{[%clk 00:47:07]} {[%emt 00:19:06]} b5 {[%clk 01:01:44]} {[%emt 00:10:56]} 14.
Rc1 {[%clk 00:38:31]} {[%emt 00:09:07]} Bb7 {[%clk 00:59:40]} {[%emt 00:02:34]}
15. Nc6 {[%clk 00:36:03]} {[%emt 00:02:58]} Bxc6 {[%clk 00:56:37]} {[%emt
00:03:34]} 16. Rxc6 {[%clk 00:36:28]} {[%emt 00:00:05]} Qd7 {[%clk 00:56:30]}
{[%emt 00:00:36]} 17. Rc1 {[%clk 00:36:27]} {[%emt 00:00:31]} Rc8 {[%clk
00:46:01]} {[%emt 00:11:00]} 18. Rxc8+ {[%clk 00:30:44]} {[%emt 00:06:13]} Qxc8
{[%clk 00:46:18]} {[%emt 00:00:12]} 19. Nf1 {[%clk 00:30:27]} {[%emt 00:00:48]}
O-O {[%clk 00:39:15]} {[%emt 00:07:32]} 20. Ne3 {[%clk 00:29:36]} {[%emt
00:01:22]} Qc5 {[%clk 00:36:52]} {[%emt 00:02:53]} 21. Rf1 {[%clk 00:28:13]}
{[%emt 00:01:52]} Qb6 {[%clk 00:33:41]} {[%emt 00:03:43]} 22. Kh1 {[%clk
00:25:55]} {[%emt 00:02:47]} Rc8 {[%clk 00:32:38]} {[%emt 00:01:32]} 23. Qf3
{[%clk 00:20:16]} {[%emt 00:06:25]} Nd7 {[%clk 00:26:48]} {[%emt 00:06:19]} 24.
d4 {[%emt 00:03:49]} Qa5 {[%emt 00:00:48]} 25. f5 {[%clk 00:19:02]} {[%emt
00:01:23]} Rf8 {[%clk 00:20:05]} {[%emt 00:03:58]} 26. e5 {[%clk 00:08:01]}
{[%emt 00:11:31]} Bg5 {[%clk 00:17:56]} {[%emt 00:02:37]} 27. f6 {[%clk
00:03:57]} {[%emt 00:04:36]} g6 {[%clk 00:15:34]} {[%emt 00:02:51]} 28. d5
{[%clk 00:04:17]} {[%emt 00:00:11]} Qd2 {[%clk 00:14:13]} {[%emt 00:01:51]} 29.
dxe6 {[%clk 00:03:05]} {[%emt 00:01:41]} fxe6 {[%clk 00:13:21]} {[%emt
00:01:23]} 30. Qg4 {[%clk 00:01:36]} {[%emt 00:01:58]} Qxe3 {[%clk 00:12:33]}
{[%emt 00:01:18]} 31. Qxe6+ {[%clk 00:02:05]} {[%emt 00:00:01]} Rf7 {[%clk
00:12:06]} {[%emt 00:00:58]} 32. Qxd6 {[%clk 00:00:59]} {[%emt 00:01:35]} Nf8
{[%clk 00:08:41]} {[%emt 00:03:57]} 33. Rg1 {[%clk 00:00:35]} {[%emt 00:00:54]}
Bf4 {[%clk 00:07:18]} {[%emt 00:01:52]} 34. Qd5 {[%clk 00:00:33]} {[%emt
00:00:32]} Qe2 {[%clk 00:06:40]} {[%emt 00:01:07]} 35. Bc3 {[%clk 00:00:37]}
{[%emt 00:00:26]} h3 {[%clk 00:05:38]} {[%emt 00:01:33]} 36. g3 {[%clk
00:00:43]} {[%emt 00:00:25]} Be3 {[%clk 00:04:43]} {[%emt 00:01:24]} 37. Re1
{[%clk 00:00:44]} {[%emt 00:00:27]} Qf2 {[%clk 00:04:09]} {[%emt 00:01:04]} 38.
Qe4 {[%clk 00:00:33]} {[%emt 00:00:42]} Bd2 {[%clk 00:03:42]} {[%emt 00:00:57]}
39. Bxd2 {[%clk 00:00:34]} {[%emt 00:00:29]} Qxd2 {[%clk 00:04:10]} {[%emt
00:00:02]} 40. e6 {[%emt 00:00:36]} 1/2-1/2

[Event "DVM U20 2023"]
[Site "Magdeburg GER"]
[Date "2023.12.29"]
[Round "6"]
[White "Jäger, Matti"]
[Black "Avdic, Faris"]
[Result "0-1"]
[Termination "normal"]
[Board "2.4"]
[WhiteElo "1914"]
[BlackElo "2197"]
[WhiteClock "00:00:41"]
[BlackClock "01:17:47"]
[WhiteTeam "SV Königsjäger Süd-West"]
[BlackTeam "Hamburger SK 1830"]
[PlyCount "70"]
[WhiteFideId "34631542"]
[BlackFideId "14422328"]
[EventCountry "GER"]
[EventRounds "7"]
[EventType "team-swiss"]
[EventDate "2023.12.26"]

1. d4 {[%clk 01:30:58]} {[%emt 00:00:02]} Nf6 {[%clk 01:30:52]} {[%emt
00:00:09]} 2. Nf3 {[%clk 01:31:24]} {[%emt 00:00:04]} e6 {[%clk 01:31:09]}
{[%emt 00:00:13]} 3. e3 {[%clk 01:31:40]} {[%emt 00:00:13]} c5 {[%clk
01:31:31]} {[%emt 00:00:08]} 4. Bd3 {[%clk 01:31:49]} {[%emt 00:00:21]} Nc6
{[%clk 01:31:46]} {[%emt 00:00:16]} 5. O-O {[%clk 01:31:43]} {[%emt 00:00:36]}
Be7 {[%clk 01:31:32]} {[%emt 00:00:43]} 6. dxc5 {[%clk 01:31:30]} {[%emt
00:00:44]} Bxc5 {[%clk 01:31:53]} {[%emt 00:00:09]} 7. c4 {[%clk 01:25:56]}
{[%emt 00:06:04]} d5 {[%clk 01:31:32]} {[%emt 00:00:51]} 8. a3 {[%clk
01:24:05]} {[%emt 00:02:21]} O-O {[%clk 01:29:22]} {[%emt 00:02:39]} 9. b4
{[%clk 01:23:41]} {[%emt 00:00:55]} Bd6 {[%clk 01:29:37]} {[%emt 00:00:16]} 10.
Bb2 {[%clk 01:22:53]} {[%emt 00:01:18]} Qe7 {[%clk 01:29:29]} {[%emt 00:00:37]}
11. Nbd2 {[%clk 01:19:40]} {[%emt 00:03:43]} Rd8 {[%clk 01:29:09]} {[%emt
00:00:50]} 12. Qe2 {[%clk 01:19:21]} {[%emt 00:00:50]} e5 {[%clk 01:29:01]}
{[%emt 00:00:38]} 13. cxd5 {[%clk 01:18:32]} {[%emt 00:01:19]} Nxd5 {[%clk
01:29:28]} {[%emt 00:00:02]} 14. Bc4 {[%clk 01:00:45]} {[%emt 00:18:18]} Nb6
{[%emt 00:30:54]} 15. e4 {[%emt 00:02:19]} Bg4 {[%emt 00:01:00]} 16. Bb3 {[%emt
00:01:30]} a5 {[%emt 00:01:10]} 17. b5 {[%clk 00:30:37]} {[%emt 00:00:30]} Nb8
{[%clk 01:25:35]} {[%emt 00:00:07]} 18. h3 {[%clk 00:30:08]} {[%emt 00:01:00]}
Bh5 {[%clk 01:25:47]} {[%emt 00:00:18]} 19. a4 {[%clk 00:29:15]} {[%emt
00:01:22]} N8d7 {[%clk 01:25:36]} {[%emt 00:00:41]} 20. Nc4 {[%clk 00:27:38]}
{[%emt 00:02:07]} Nxc4 {[%clk 01:23:53]} {[%emt 00:02:14]} 21. Bxc4 {[%clk
00:28:06]} {[%emt 00:00:02]} Rac8 {[%clk 01:24:02]} {[%emt 00:00:18]} 22. Rfc1
{[%clk 00:26:59]} {[%emt 00:01:40]} Nf8 {[%clk 01:20:02]} {[%emt 00:04:29]} 23.
Bb3 {[%clk 00:23:46]} {[%emt 00:03:44]} Ne6 {[%clk 01:19:19]} {[%emt 00:01:14]}
24. Bxe6 {[%clk 00:21:19]} {[%emt 00:02:57]} Qxe6 {[%clk 01:19:29]} {[%emt
00:00:19]} 25. Qe3 {[%clk 00:16:14]} {[%emt 00:05:36]} f6 {[%clk 01:18:13]}
{[%emt 00:01:47]} 26. Nd2 {[%clk 00:14:39]} {[%emt 00:02:01]} Bb4 {[%clk
01:18:15]} {[%emt 00:00:30]} 27. Bc3 {[%clk 00:08:54]} {[%emt 00:06:15]} Bc5
{[%clk 01:17:47]} {[%emt 00:00:58]} 28. Qg3 {[%clk 00:07:16]} {[%emt 00:02:09]}
b6 {[%clk 01:17:56]} {[%emt 00:00:21]} 29. Nf1 {[%clk 00:06:31]} {[%emt
00:01:16]} Be2 {[%clk 01:17:21]} {[%emt 00:01:04]} 30. Ne3 {[%clk 00:01:39]}
{[%emt 00:05:22]} Rd3 {[%clk 01:17:27]} {[%emt 00:00:24]} 31. Re1 {[%clk
00:01:38]} {[%emt 00:00:32]} Bxe3 {[%clk 01:16:47]} {[%emt 00:01:10]} 32. fxe3
{[%clk 00:01:41]} {[%emt 00:00:27]} Bh5 {[%clk 01:17:10]} {[%emt 00:00:07]} 33.
Bb2 {[%clk 00:01:20]} {[%emt 00:00:50]} Rc2 {[%clk 01:17:35]} {[%emt 00:00:06]}
34. Bc1 {[%clk 00:00:35]} {[%emt 00:01:16]} Qc4 {[%clk 01:17:24]} {[%emt
00:00:40]} 35. Qh4 {[%clk 00:00:41]} {[%emt 00:00:23]} Bg6 {[%clk 01:17:47]}
{[%emt 00:00:07]} 0-1

[Event "DVM U20 2023"]
[Site "Magdeburg GER"]
[Date "2023.12.29"]
[Round "6"]
[White "Liu, Jonas"]
[Black "Klaas, Heiko"]
[Result "1-0"]
[Termination "normal"]
[Board "2.6"]
[WhiteElo "1761"]
[BlackElo "1878"]
[WhiteClock "00:15:17"]
[BlackClock "00:00:34"]
[WhiteTeam "SV Königsjäger Süd-West"]
[BlackTeam "Hamburger SK 1830"]
[PlyCount "56"]
[WhiteFideId "34633960"]
[BlackFideId "16215940"]
[EventCountry "GER"]
[EventRounds "7"]
[EventType "team-swiss"]
[EventDate "2023.12.26"]

1. d4 {[%clk 01:30:58]} d5 {[%clk 01:30:47]} {[%emt 00:00:14]} 2. Nf3 {[%clk
01:31:24]} {[%emt 00:00:04]} Nf6 {[%clk 01:30:48]} {[%emt 00:00:29]} 3. g3
{[%clk 01:31:42]} {[%emt 00:00:14]} Bf5 {[%clk 01:30:59]} {[%emt 00:00:18]} 4.
Bg2 {[%clk 01:31:53]} {[%emt 00:00:18]} e6 {[%clk 01:31:05]} {[%emt 00:00:24]}
5. c4 {[%clk 01:31:51]} {[%emt 00:00:33]} c6 {[%clk 01:30:38]} {[%emt
00:00:56]} 6. Nc3 {[%clk 01:31:57]} {[%emt 00:00:24]} Be7 {[%clk 01:30:32]}
{[%emt 00:00:36]} 7. Qb3 {[%clk 01:31:28]} {[%emt 00:00:59]} Qb6 {[%clk
01:29:35]} {[%emt 00:01:26]} 8. c5 {[%clk 01:31:23]} {[%emt 00:00:36]} Qxb3
{[%clk 01:27:25]} {[%emt 00:02:41]} 9. axb3 {[%clk 01:31:47]} {[%emt 00:00:06]}
Na6 {[%clk 01:25:58]} {[%emt 00:01:57]} 10. Ne5 {[%clk 01:30:18]} {[%emt
00:02:00]} Nd7 {[%emt 00:21:10]} 11. Nxc6 {[%clk 01:15:46]} {[%emt 00:00:27]}
Bf6 {[%clk 01:04:59]} {[%emt 00:15:22]} 12. e4 {[%clk 00:54:21]} bxc6 {[%clk
00:57:24]} {[%emt 00:30:01]} 13. Rxa6 dxe4 {[%clk 00:57:11]} 14. Nxe4 Bxd4
{[%clk 00:49:22]} 15. Nd6+ {[%clk 00:49:40]} {[%emt 00:03:08]} Ke7 {[%clk
00:49:25]} {[%emt 00:00:27]} 16. b4 {[%emt 00:09:26]} Bd3 {[%emt 00:05:15]} 17.
Ra3 {[%emt 00:03:47]} Bg6 {[%emt 00:06:22]} 18. Nc4 {[%emt 00:03:30]} Rhc8
{[%clk 00:35:14]} {[%emt 00:01:19]} 19. O-O {[%emt 00:34:29]} Nf6 {[%emt
00:05:21]} 20. Rd1 {[%clk 00:24:40]} {[%emt 00:01:18]} e5 {[%emt 00:04:59]} 21.
Nd6 {[%emt 00:03:26]} Rc7 {[%clk 00:04:23]} {[%emt 00:00:49]} 22. Nb5 {[%emt
00:02:40]} cxb5 {[%clk 00:01:45]} {[%emt 00:02:14]} 23. Bxa8 {[%clk 00:19:44]}
{[%emt 00:00:12]} Be4 {[%emt 00:01:55]} 24. Bxe4 {[%clk 00:17:42]} {[%emt
00:01:25]} Nxe4 {[%emt 00:00:47]} 25. Be3 {[%clk 00:15:49]} {[%emt 00:01:38]}
Bxb2 {[%clk 00:02:11]} {[%emt 00:00:14]} 26. Rb3 {[%emt 00:01:50]} Bd4 {[%clk
00:01:19]} {[%emt 00:00:40]} 27. Bxd4 {[%clk 00:15:17]} {[%emt 00:00:24]} exd4
{[%clk 00:00:34]} {[%emt 00:00:22]} 28. Re1 Ke6 {[%emt 00:02:03]} 1-0

[Event "DVM U20 2023"]
[Site "Magdeburg GER"]
[Date "2023.12.29"]
[Round "6"]
[White "Helmsdorf, Marius"]
[Black "Burian, Simon"]
[Result "0-1"]
[Termination "normal"]
[Board "3.1"]
[WhiteElo "1891"]
[BlackElo "2154"]
[WhiteClock "00:03:45"]
[BlackClock "00:21:00"]
[WhiteTeam "ESV Gera"]
[BlackTeam "SK König Plauen"]
[PlyCount "101"]
[WhiteFideId "16274873"]
[BlackFideId "12956902"]
[EventCountry "GER"]
[EventRounds "7"]
[EventType "team-swiss"]
[EventDate "2023.12.26"]

1. d4 {[%clk 01:30:59]} {[%emt 00:00:01]} Nf6 {[%clk 01:30:51]} {[%emt
00:00:10]} 2. Nc3 {[%clk 01:31:25]} {[%emt 00:00:03]} d5 {[%clk 01:31:14]}
{[%emt 00:00:07]} 3. Bf4 {[%clk 01:31:50]} {[%emt 00:00:06]} Bf5 {[%clk
01:31:19]} {[%emt 00:00:24]} 4. e3 {[%clk 01:32:15]} {[%emt 00:00:05]} c6
{[%clk 01:30:42]} {[%emt 00:01:09]} 5. Nf3 {[%clk 01:32:36]} {[%emt 00:00:07]}
e6 {[%clk 01:30:37]} {[%emt 00:00:36]} 6. Ne5 {[%clk 01:33:02]} {[%emt
00:00:03]} h6 {[%clk 01:21:51]} {[%emt 00:09:18]} 7. g4 {[%clk 01:33:19]}
{[%emt 00:00:12]} Bh7 {[%clk 01:22:14]} {[%emt 00:00:08]} 8. Bd3 {[%clk
01:32:33]} {[%emt 00:01:16]} Bxd3 {[%clk 01:22:10]} {[%emt 00:00:33]} 9. Qxd3
{[%clk 01:32:58]} {[%emt 00:00:05]} Nbd7 {[%clk 01:18:36]} {[%emt 00:04:04]}
10. f3 {[%clk 01:33:05]} {[%emt 00:00:24]} Nxe5 {[%clk 01:17:19]} {[%emt
00:01:47]} 11. Bxe5 {[%clk 01:33:14]} {[%emt 00:00:20]} Nd7 {[%clk 01:16:59]}
{[%emt 00:00:50]} 12. Bg3 {[%clk 01:31:50]} {[%emt 00:01:55]} Be7 {[%clk
01:15:00]} {[%emt 00:02:29]} 13. O-O-O {[%clk 01:31:19]} {[%emt 00:01:01]} Qa5
{[%clk 01:11:25]} {[%emt 00:04:05]} 14. Kb1 {[%clk 01:30:22]} {[%emt 00:01:26]}
O-O-O {[%clk 01:01:04]} {[%emt 00:10:52]} 15. e4 {[%clk 01:25:34]} {[%emt
00:05:17]} Nb6 {[%clk 00:54:05]} {[%emt 00:07:30]} 16. exd5 {[%clk 01:08:05]}
{[%emt 00:17:58]} cxd5 {[%clk 00:49:08]} {[%emt 00:05:27]} 17. Qb5 {[%clk
01:07:22]} {[%emt 00:01:13]} Nc4 {[%clk 00:49:17]} {[%emt 00:00:20]} 18. Qxa5
{[%clk 01:06:48]} {[%emt 00:01:05]} Nxa5 {[%clk 00:49:41]} {[%emt 00:00:06]}
19. Nb5 {[%clk 01:06:18]} {[%emt 00:01:00]} Nc6 {[%clk 00:49:48]} {[%emt
00:00:22]} 20. a3 {[%clk 01:01:07]} {[%emt 00:05:42]} a6 {[%clk 00:48:15]}
{[%emt 00:02:03]} 21. Nc3 {[%clk 01:01:32]} {[%emt 00:00:05]} b5 {[%clk
00:44:45]} {[%emt 00:03:59]} 22. Na2 {[%clk 00:49:54]} {[%emt 00:12:08]} Kb7
{[%clk 00:38:42]} {[%emt 00:06:33]} 23. Nc1 {[%clk 00:47:25]} {[%emt 00:02:59]}
h5 {[%clk 00:33:22]} {[%emt 00:05:50]} 24. h4 {[%clk 00:44:55]} {[%emt
00:02:59]} hxg4 {[%clk 00:26:24]} {[%emt 00:07:29]} 25. fxg4 {[%clk 00:45:19]}
{[%emt 00:00:06]} g5 {[%clk 00:25:53]} {[%emt 00:01:01]} 26. hxg5 {[%clk
00:40:41]} {[%emt 00:05:07]} Bxg5 {[%clk 00:25:09]} {[%emt 00:01:15]} 27. c3
{[%clk 00:40:58]} {[%emt 00:00:13]} Bxc1 {[%clk 00:23:55]} {[%emt 00:01:44]}
28. Kxc1 {[%clk 00:41:05]} {[%emt 00:00:23]} Rdg8 {[%clk 00:23:50]} {[%emt
00:00:34]} 29. Rxh8 {[%clk 00:39:04]} {[%emt 00:02:31]} Rxh8 {[%clk 00:24:16]}
{[%emt 00:00:04]} 30. Rf1 {[%clk 00:39:18]} {[%emt 00:00:15]} Rh7 {[%clk
00:24:26]} {[%emt 00:00:20]} 31. Kd2 {[%clk 00:35:16]} {[%emt 00:04:33]} Na5
{[%clk 00:22:36]} {[%emt 00:02:20]} 32. Bf4 {[%clk 00:27:59]} {[%emt 00:07:47]}
Nc4+ {[%clk 00:21:42]} {[%emt 00:01:24]} 33. Kc2 {[%clk 00:27:38]} {[%emt
00:00:51]} a5 {[%clk 00:18:36]} {[%emt 00:03:36]} 34. Rg1 {[%clk 00:22:32]}
{[%emt 00:05:35]} Kc6 {[%clk 00:18:00]} {[%emt 00:01:06]} 35. g5 {[%clk
00:22:16]} {[%emt 00:00:45]} Rh4 {[%clk 00:17:17]} {[%emt 00:01:13]} 36. Bc1
{[%clk 00:22:29]} {[%emt 00:00:17]} Rh2+ {[%clk 00:16:52]} {[%emt 00:00:56]}
37. Kb1 {[%clk 00:22:50]} {[%emt 00:00:08]} Rf2 {[%clk 00:16:17]} {[%emt
00:01:06]} 38. g6 {[%clk 00:22:32]} {[%emt 00:00:49]} fxg6 {[%clk 00:16:41]}
{[%emt 00:00:05]} 39. Rxg6 {[%clk 00:22:53]} {[%emt 00:00:09]} Re2 {[%clk
00:17:06]} {[%emt 00:00:05]} 40. Rg8 {[%clk 00:07:03]} {[%emt 00:16:21]} Rf2
{[%clk 00:06:32]} {[%emt 00:11:03]} 41. Rh8 {[%clk 00:03:48]} {[%emt 00:03:45]}
Rg2 {[%clk 00:06:01]} {[%emt 00:01:00]} 42. Rf8 {[%clk 00:28:11]} {[%emt
00:06:08]} Nb6 {[%clk 00:31:58]} {[%emt 00:04:33]} 43. Rf3 {[%clk 00:20:36]}
{[%emt 00:08:06]} Na4 {[%clk 00:27:39]} {[%emt 00:04:48]} 44. b3 {[%clk
00:07:00]} {[%emt 00:14:08]} Nb6 {[%clk 00:27:50]} {[%emt 00:00:19]} 45. Rd3
{[%clk 00:06:36]} {[%emt 00:00:54]} a4 {[%clk 00:26:02]} {[%emt 00:02:18]} 46.
b4 {[%clk 00:06:57]} {[%emt 00:00:10]} Nc4 {[%clk 00:26:25]} {[%emt 00:00:06]}
47. Rh3 {[%clk 00:06:51]} {[%emt 00:00:36]} Nd6 {[%clk 00:23:21]} {[%emt
00:03:35]} 48. Re3 {[%clk 00:05:24]} {[%emt 00:01:56]} Ne4 {[%clk 00:22:51]}
{[%emt 00:01:00]} 49. Rh3 {[%clk 00:05:13]} {[%emt 00:00:41]} Kd6 {[%clk
00:21:52]} {[%emt 00:01:30]} 50. Rf3 {[%clk 00:04:01]} {[%emt 00:01:42]} Ke7
{[%clk 00:21:00]} {[%emt 00:01:21]} 51. Bh6 {[%clk 00:03:45]} {[%emt 00:00:46]}
*

[Event "DVM U20 2023"]
[Site "Magdeburg GER"]
[Date "2023.12.29"]
[Round "6"]
[White "Melestean, Timur"]
[Black "Liebold, Aaron"]
[Result "0-1"]
[Termination "normal"]
[Board "3.2"]
[WhiteElo "1892"]
[BlackElo "2037"]
[WhiteClock "00:36:23"]
[BlackClock "00:09:10"]
[WhiteTeam "SK König Plauen"]
[BlackTeam "ESV Gera"]
[PlyCount "46"]
[WhiteFideId "16280385"]
[BlackFideId "12997846"]
[EventCountry "GER"]
[EventRounds "7"]
[EventType "team-swiss"]
[EventDate "2023.12.26"]

1. d4 {[%clk 01:30:58]} Nf6 {[%clk 01:30:54]} {[%emt 00:00:06]} 2. c4 {[%clk
01:31:24]} {[%emt 00:00:04]} e6 {[%clk 01:31:20]} {[%emt 00:00:04]} 3. Nf3
{[%clk 01:31:52]} {[%emt 00:00:04]} b6 {[%clk 01:31:45]} {[%emt 00:00:05]} 4.
g3 {[%clk 01:32:19]} {[%emt 00:00:03]} Bb7 {[%clk 01:32:08]} {[%emt 00:00:06]}
5. Bg2 {[%clk 01:32:43]} {[%emt 00:00:05]} Be7 {[%clk 01:32:34]} {[%emt
00:00:05]} 6. O-O {[%clk 01:33:08]} {[%emt 00:00:07]} O-O {[%clk 01:31:43]}
{[%emt 00:01:20]} 7. Nc3 {[%clk 01:31:54]} {[%emt 00:01:44]} Ne4 {[%clk
01:26:03]} {[%emt 00:06:10]} 8. Bd2 {[%clk 01:32:12]} {[%emt 00:00:12]} f5
{[%clk 01:23:41]} {[%emt 00:02:52]} 9. d5 {[%clk 01:30:28]} {[%emt 00:02:14]}
Bf6 {[%clk 01:19:55]} {[%emt 00:04:15]} 10. Qc2 {[%clk 01:19:02]} {[%emt
00:11:56]} Bxc3 {[%clk 00:50:58]} {[%emt 00:29:29]} 11. Bxc3 {[%clk 01:19:12]}
{[%emt 00:00:19]} exd5 {[%clk 00:50:08]} {[%emt 00:01:20]} 12. cxd5 {[%clk
01:18:53]} {[%emt 00:00:49]} Bxd5 {[%clk 00:46:35]} {[%emt 00:04:04]} 13. Rfd1
{[%clk 01:10:17]} {[%emt 00:09:05]} Bb7 {[%clk 00:44:47]} {[%emt 00:02:18]} 14.
Nd2 {[%clk 01:07:05]} {[%emt 00:03:42]} Qe7 {[%clk 00:41:31]} {[%emt 00:03:46]}
15. Rac1 {[%clk 01:00:45]} {[%emt 00:06:50]} d5 {[%clk 00:27:51]} {[%emt
00:14:09]} 16. e3 {[%clk 00:48:24]} {[%emt 00:12:51]} Nd7 {[%clk 00:20:17]}
{[%emt 00:08:04]} 17. b4 {[%clk 00:47:37]} {[%emt 00:01:18]} c6 {[%clk
00:16:24]} {[%emt 00:04:23]} 18. a3 {[%clk 00:47:30]} {[%emt 00:00:37]} Rac8
{[%clk 00:12:49]} {[%emt 00:04:04]} 19. Qb2 {[%clk 00:44:33]} {[%emt 00:03:27]}
Ndf6 {[%clk 00:11:14]} {[%emt 00:02:05]} 20. Bh3 {[%clk 00:41:17]} {[%emt
00:03:46]} Rce8 {[%clk 00:08:36]} {[%emt 00:03:08]} 21. Bg2 {[%clk 00:36:04]}
{[%emt 00:05:44]} Nxf2 {[%clk 00:08:19]} {[%emt 00:00:46]} 22. Kxf2 {[%clk
00:36:02]} {[%emt 00:00:33]} Qxe3+ {[%clk 00:08:43]} {[%emt 00:00:06]} 23. Kf1
{[%clk 00:36:23]} {[%emt 00:00:08]} Ba6+ {[%clk 00:09:10]} {[%emt 00:00:02]}
0-1